| 000 | 00691cam a2200217u 4500 | ||
|---|---|---|---|
| 001 | 8227477 | ||
| 003 | ARRUPE | ||
| 005 | 20160204141010.0 | ||
| 008 | 830302s1911 enka 000 0 eng | ||
| 010 | _a 11016797 | ||
| 040 |
_aDLC _cCarP _dDLC |
||
| 050 | 0 | 0 |
_aSPC HB171.7 _b.H6 |
| 100 | 1 |
_aHobson, J. A. _q(John Atkinson), _d1858-1940. _921751 |
|
| 245 | 0 | 4 |
_aThe science of wealth, _cby Hobson, J. A. |
| 260 |
_aLondon, _bWilliams and Norgate _c[c1911] |
||
| 300 |
_avii, [1], 9-256 p. _bdiagrs. _c18 cm. |
||
| 440 |
_aHome University Library of Modern Knowledge _910346 |
||
| 650 | 0 |
_aEconomics. _921752 |
|
| 906 |
_a0 _bcbc _cpremunv _du _encip _f19 _gy-gencatlg |
||
| 942 |
_2lcc _cMONOGRAPH |
||
| 999 |
_c124020 _d124020 |
||